[Event "Novorossiysk Small Land Blitz"]
[Site "Novorossiysk"]
[Date "2022.07.17"]
[Round "6"]
[White "Potapova, Margarita"]
[Black "Gabitov, Ruslan"]
[Result "0-1"]
[WhiteElo "2216"]
[BlackElo "2150"]
[PlyCount "56"]
[EventDate "2022.07.17"]
[EventType "swiss (blitz)"]
[EventRounds "13"]
[EventCountry "RUS"]
[SourceTitle "CBM 209 Extra"]
[Source "ChessBase"]
[SourceDate "2022.09.30"]
[SourceVersion "1"]
[SourceVersionDate "2022.09.30"]
[SourceQuality "1"]

1. d4 Nf6 2. c4 g6 3. Nc3 Bg7 4. e4 d6 5. h3 0-0 6. Be3 e5 7. d5 a5 8. g4 Na6 9. Nge2 Nd7 10. Ng3 Ndc5 11. Be2 c6 12. h4 cxd5 13. cxd5 a4 14. Qd2 a3 15. bxa3 Qa5 16. Nb5 Qd8 17. Rc1 b6 18. h5 Nc7 19. Bh6 Bf6 20. Nxc7 Qxc7 21. Bxf8 Kxf8 22. hxg6 hxg6 23. Rc3 Qe7 24. Qh6+ Bg7 25. Qh4 Bf6 26. Qh6+ Bg7 27. Qe3 Bf6 28. Qh6+ Bg7 0-1

[Event "Malaya Zemlya Rapid op"]
[Site "Novorossiysk"]
[Date "2021.07.11"]
[Round "6"]
[White "Gabitov, Ruslan"]
[Black "Petrov, Nikita"]
[Result "1-0"]
[WhiteElo "2150"]
[BlackElo "2562"]
[PlyCount "56"]
[EventDate "2021.07.10"]
[EventType "swiss (rapid)"]
[EventRounds "9"]
[EventCountry "RUS"]
[SourceTitle "CBM 203 Extra"]
[Source "ChessBase"]
[SourceDate "2021.09.30"]
[SourceVersion "1"]
[SourceVersionDate "2021.09.30"]
[SourceQuality "1"]

1. e4 c5 2. Nf3 e6 3. d4 cxd4 4. Nxd4 Nf6 5. Bd3 Nc6 6. Nxc6 dxc6 7. Nd2 e5 8. Nc4 Be6 9. 0-0 Qc7 10. Qe1 Bc5 11. b4 Be7 12. a3 b5 13. Na5 a6 14. f4 c5 15. fxe5 Ng4 16. h3 Nxe5 17. Qg3 0-0-0 18. Bf4 f6 19. a4 c4 20. Be2 Bxb4 21. axb5 axb5 22. Rfb1 Bxa5 23. Rxb5 Bb6+ 24. Kh1 Bd7 25. Rb4 Bc6 26. Bg4+ Kb7 27. Rab1 g5 28. Qf2 Rd1+ 1-0

[Event "St Petersburg Amir Cup Rapid"]
[Site "St Petersburg"]
[Date "2021.05.22"]
[Round "3"]
[White "Romanov, Evgeny"]
[Black "Gabitov, Ruslan"]
[Result "1-0"]
[WhiteElo "2599"]
[BlackElo "2150"]
[PlyCount "81"]
[EventDate "2021.05.22"]
[EventType "swiss (rapid)"]
[EventRounds "9"]
[EventCountry "RUS"]
[SourceTitle "CBM 202 Extra"]
[Source "ChessBase"]
[SourceDate "2021.07.31"]
[SourceVersion "1"]
[SourceVersionDate "2021.07.31"]
[SourceQuality "1"]

1. Nf3 Nf6 2. b3 g6 3. Bb2 Bg7 4. g3 0-0 5. Bg2 d6 6. 0-0 e5 7. d3 c6 8. e4 a5 9. a3 Nbd7 10. Nbd2 Re8 11. Re1 Qc7 12. d4 exd4 13. Nxd4 Nc5 14. h3 a4 15. b4 Ne6 16. N2f3 Bd7 17. c4 Nxd4 18. Nxd4 c5 19. Nc2 cxb4 20. Nxb4 Qxc4 21. Qxd6 Be6 22. e5 Nd7 23. Bxb7 Rab8 24. Bd5 Bxd5 25. Nxd5 Rxb2 26. Qxd7 Reb8 27. Rac1 Qa2 28. Ne7+ Kf8 29. Rc8+ Rxc8 30. Nxc8 Qe6 31. Qd8+ Qe8 32. Qd6+ Kg8 33. Ne7+ Kh8 34. e6 Bf8 35. Qd4+ Bg7 36. Qd7 Qxd7 37. exd7 Rd2 38. Nc6 Rxd7 39. Re8+ Bf8 40. Rxf8+ Kg7 41. Ra8 1-0

[Event "RUS-ch rapid"]
[Site "Sochi"]
[Date "2019.10.15"]
[Round "4"]
[White "Antipov, Mikhail Al"]
[Black "Gabitov, Ruslan"]
[Result "1-0"]
[WhiteElo "2567"]
[BlackElo "2172"]
[PlyCount "75"]
[EventDate "2019.10.15"]
[EventType "swiss"]
[EventRounds "11"]
[EventCountry "RUS"]
[SourceTitle "CBM 192 Extra"]
[Source "Chessbase"]
[SourceDate "2019.11.06"]
[SourceVersion "1"]
[SourceVersionDate "2019.11.06"]
[SourceQuality "1"]

1. e4 e5 2. Nf3 Nc6 3. Bc4 Nf6 4. d3 Be7 5. 0-0 0-0 6. a4 d6 7. h3 a6 8. a5 h6 9. Nc3 Nh7 10. Nd5 Be6 11. c3 Bxd5 12. Bxd5 Nxa5 13. Qa4 c6 14. Qxa5 cxd5 15. Qxd5 Qc7 16. Be3 Kh8 17. Nd2 Nf6 18. Qa5 Qxa5 19. Rxa5 d5 20. Rfa1 Rfd8 21. Bb6 Rd7 22. Nf3 dxe4 23. Nxe5 Rd5 24. dxe4 Rxa5 25. Rxa5 Nxe4 26. Nxf7+ Kg8 27. Nxh6+ gxh6 28. Re5 Ba3 29. bxa3 Nxc3 30. Re7 Na4 31. Rxb7 Rc8 32. Bd4 Rc1+ 33. Kh2 Rc4 34. Rb4 Rxb4 35. axb4 Kf7 36. g4 Ke6 37. h4 Kd5 38. g5 1-0

[Event "Ufa Gumerov Memorial 8th"]
[Site "Ufa"]
[Date "2019.07.25"]
[Round "3"]
[White "Gabitov, Ruslan"]
[Black "Mukhutdinov, Tigran"]
[Result "0-1"]
[WhiteElo "2158"]
[BlackElo "2256"]
[PlyCount "78"]
[EventDate "2019.07.24"]
[EventType "tourn"]
[EventRounds "9"]
[EventCountry "RUS"]
[SourceTitle "CBM 191 Extra"]
[Source "ChessBase"]
[SourceDate "2019.09.30"]
[SourceVersion "1"]
[SourceVersionDate "2019.09.30"]
[SourceQuality "1"]

1. e4 c5 2. Nf3 Nc6 3. Bb5 g6 4. 0-0 Bg7 5. Re1 Nf6 6. e5 Nd5 7. b3 0-0 8. Bb2 Nc7 9. Bxc6 dxc6 10. h3 Ne6 11. d3 Nd4 12. Nbd2 h6 13. Ne4 b6 14. Ng3 Qd5 15. Re4 Ne6 16. a4 f5 17. exf6 exf6 18. Re1 Nd4 19. Nxd4 cxd4 20. a5 c5 21. Qe2 f5 22. Nf1 Kh7 23. axb6 Bb7 24. f3 axb6 25. Rxa8 Rxa8 26. Ra1 Rf8 27. Re1 Bf6 28. Qe6 Qd8 29. Bc1 Bd5 30. Qe2 Bh4 31. g3 Bf6 32. Qd2 g5 33. Nh2 Qd6 34. Qf2 Rg8 35. f4 Kh8 36. Nf1 Bc6 37. Kh2 Qd5 38. Nd2 gxf4 39. g4 Bh4 0-1

[Event "Nezhmetdinov Memorial 39th"]
[Site "Kazan"]
[Date "2017.06.07"]
[Round "8"]
[White "Garifzyanov, Niyaz"]
[Black "Gabitov, Ruslan"]
[Result "0-1"]
[WhiteElo "1874"]
[BlackElo "2103"]
[PlyCount "82"]
[EventDate "2017.05.31"]
[EventType "swiss"]
[EventRounds "9"]
[EventCountry "RUS"]
[SourceTitle "EXT 2018"]
[Source "ChessBase"]
[SourceDate "2017.10.13"]
[SourceVersion "1"]
[SourceVersionDate "2017.10.13"]
[SourceQuality "1"]

1. d4 Nf6 2. c4 g6 3. Nc3 Bg7 4. Nf3 0-0 5. g3 d6 6. Bg2 c6 7. 0-0 Qb6 8. h3 Qa6 9. b3 b5 10. cxb5 cxb5 11. Ne1 Bb7 12. Bxb7 Qxb7 13. Bb2 Nbd7 14. e3 b4 15. Nb1 a5 16. Nd2 Nb6 17. Nd3 Rfc8 18. Rc1 Qd7 19. Kh2 Qb5 20. Qe2 Qd7 21. Rxc8+ Rxc8 22. Rc1 h5 23. Qf1 Qf5 24. Rxc8+ Nxc8 25. Nc4 Qb5 26. Qc1 Nb6 27. Qc2 Nbd7 28. a3 Ne4 29. axb4 axb4 30. Kg2 Ndf6 31. f3 Ng5 32. h4 Ne6 33. Qd2 Bh6 34. Qxb4 Qf5 35. Qd2 g5 36. e4 Qg6 37. hxg5 Bxg5 38. Qf2 h4 39. g4 Nxe4 40. Qe2 Ng3 41. Qd1 Qxd3 0-1

[Event "Nezhmetdinov Memorial 39th"]
[Site "Kazan"]
[Date "2017.06.05"]
[Round "6"]
[White "Yandemirov, Valeri"]
[Black "Gabitov, Ruslan"]
[Result "1-0"]
[WhiteElo "2387"]
[BlackElo "2103"]
[PlyCount "77"]
[EventDate "2017.05.31"]
[EventType "swiss"]
[EventRounds "9"]
[EventCountry "RUS"]
[SourceTitle "EXT 2018"]
[Source "ChessBase"]
[SourceDate "2017.10.13"]
[SourceVersion "1"]
[SourceVersionDate "2017.10.13"]
[SourceQuality "1"]

1. e4 c6 2. d4 d5 3. Nd2 dxe4 4. Nxe4 Bf5 5. Ng3 Bg6 6. h4 h6 7. Nf3 Nd7 8. h5 Bh7 9. Bd3 Bxd3 10. Qxd3 e6 11. Bd2 Ngf6 12. 0-0-0 Bd6 13. Ne4 Nxe4 14. Qxe4 Nf6 15. Qe2 Bc7 16. Kb1 Qd5 17. Ne5 Qe4 18. Qxe4 Nxe4 19. Be3 Nf6 20. f3 c5 21. c4 0-0 22. Nd3 cxd4 23. Bxd4 Nd7 24. Nc5 Nxc5 25. Bxc5 Rfc8 26. b3 Be5 27. Bf2 Rd8 28. Kc2 b6 29. Rxd8+ Rxd8 30. Rd1 Rxd1 31. Kxd1 f5 32. c5 bxc5 33. Bxc5 Bb8 34. b4 Kf7 35. b5 Ke8 36. a4 Kd7 37. Ke2 Kc8 38. Bd4 e5 39. Bc5 1-0

[Event "Tatarstan-ch"]
[Site "Kazan"]
[Date "2016.09.23"]
[Round "8"]
[White "Gabitov, Ruslan"]
[Black "Shakirov, Rail"]
[Result "1/2-1/2"]
[WhiteElo "2120"]
[BlackElo "2038"]
[PlyCount "77"]
[EventDate "2016.09.16"]
[EventType "swiss"]
[EventRounds "9"]
[EventCountry "RUS"]
[SourceTitle "CBM 174 Extra"]
[Source "ChessBase"]
[SourceDate "2016.10.10"]
[SourceVersion "1"]
[SourceVersionDate "2016.10.10"]
[SourceQuality "1"]

1. d4 Nf6 2. Nc3 g6 3. e4 d6 4. Bg5 Bg7 5. e5 Nfd7 6. exd6 cxd6 7. Qd2 Qb6 8. 0-0-0 Nc6 9. Nf3 Qa5 10. Bh6 Bf6 11. Bc4 Nb6 12. Bb3 Bg4 13. Qe3 d5 14. Rhe1 0-0-0 15. Qf4 Bxf3 16. gxf3 Qb4 17. a3 Qd6 18. Qg4+ e6 19. Bf4 Qe7 20. Nb5 a6 21. Bc7 axb5 22. Bxb6 h5 23. Qg1 Bg5+ 24. Kb1 Kb8 25. Bxd8 Rxd8 26. c3 Na5 27. Bc2 Bf4 28. Ka2 Nc4 29. Ra1 Kc7 30. Bd3 Ra8 31. Kb1 Nd2+ 32. Kc2 Nxf3 33. Qg2 Nxe1+ 34. Rxe1 Qd7 35. h3 Kb6 36. Kb1 Qd6 37. Qf1 Bd2 38. Re2 Bf4 39. Kc2 1/2-1/2